000 00493nam a2200157Ia 4500
008 151213s9999 xx 000 0 und d
100 _aরফিকুল ইসলাম
245 _aআধুনিক কবিতা
_cরফিকুল ইসলাম
250 _a১ম সং
260 _aঢাকা
_bফজলে রাব্বি
_c1971
300 _a8374 p.
650 _aBangla
650 _aকবিতা
700 _aরফিকুল ইসলাম
999 _c4213
_d4213